1855 Bordeaux Médoc Classification - Statistics

General Stats
  • This quiz has been taken 190 times
  • The average score is 22 of 61
Answer Stats
Hint Answer % Correct
Pauillac Château Latour
94%
Margaux Château Margaux
90%
Pauillac Château Mouton Rothschild
90%
Pessac Château Haut-Brion
88%
Pauillac Château Lafite Rothschild
88%
St.-Julien Château Léoville-Las Cases
55%
St.-Estèphe Château Cos d'Estournel
51%
St.-Julien Château Léoville-Barton
51%
St.-Julien Château Léoville-Poyferré
51%
Margaux Château Brane-Cantenac
51%
Pauillac Château Lynch-Bages
49%
Margaux Château Palmer
49%
St.-Estèphe Château Montrose
47%
Margaux Château Rauzan-Ségla
47%
St.-Julien Château Lagrange
47%
St.-Julien Château Gruaud-Larose
45%
St.-Julien Château Ducru-Beaucaillou
43%
Margaux Château Kirwan
43%
Pauillac Château Pontet-Canet
41%
Margaux Château Giscours
41%
Margaux Château Cantenac-Brown
39%
Pauillac Château Pichon Longueville Comtesse de Lalande
39%
Margaux Château Lascombes
37%
Ludon Château La Lagune
35%
Margaux Château d'Issan
35%
St.-Julien Château Langoa-Barton
35%
Pauillac Château Pichon Longueville Baron
33%
Margaux Château Rauzan-Gassies
33%
St.-Julien Château Talbot
33%
St.-Julien Château Beychevelle
31%
Margaux Château Boyd-Cantenac
31%
St.-Estèphe Château Calon-Ségur
31%
Margaux Château Ferrière
31%
Pauillac Château Grand-Puy-Lacoste
31%
Pauillac Château Pédesclaux
31%
Macau Château Cantemerle
29%
Margaux Château Durfort-Vivens
29%
Margaux Château Malescot St. Exupéry
29%
Pauillac Château Batailley
29%
Pauillac Château Grand-Puy-Ducasse
27%
Pauillac Château Haut-Bages-Libéral
27%
Pauillac Château Haut-Batailley
27%
St.-Estèphe Château Lafon-Rochet
27%
St.-Julien Château Saint-Pierre
27%
Pauillac Château Clerc-Milon
24%
Margaux Château Marquis d'Alesme Becker
24%
Margaux Château Desmirail
24%
Pauillac Château Lynch-Moussas
22%
St.-Laurent Château Belgrave
20%
St.-Laurent Château La Tour Carnet
20%
St.-Julien Château Branaire-Ducru
16%
St.-Estèphe Château Cos Labory
16%
Margaux Château Dauzac
16%
St.-Laurent Château de Camensac
16%
Pauillac Château Duhart-Milon
16%
Margaux Château du Tertre
14%
Margaux Château Pouget
14%
Margaux Château Prieuré-Lichine
14%
Pauillac Château Croizet Bages
12%
Pauillac Château d'Armailhac
12%
Margaux Château Marquis de Terme
8%
No matching quizzes found
Score Distribution
Percent of People with Each Score
Percentile by Number Answered
Your Score History
You have not taken this quiz